Employment service : providing a local employment clearinghouse /

Bibliographic Details
Main Author: Floyd, Richard L. (Author)
Format: Government Document Book
Language:English
Published: College Station, Texas : Texas Agricultural Extension Service, [1975]
Series:L (Texas Agricultural Extension Service) ; 1405.
Subjects:
Online Access:Available online via OAK Trust Repository

MARC

Tag First Indicator Second Indicator Subfields
LEADER 00000cam a2200000Ii 4500
001 in00004051908
005 20190422105245.0
008 190202s1975 txu s000 0 eng d
035 |a (OCoLC)on1084022958 
035 |a (OCoLC)1084022958 
040 |a TXA  |b eng  |e rda  |c TXA  |d UtOrBLW 
043 |a n-us-tx 
049 |a TXAM 
086 |a Z TA245.7 L47 no. L-1405  |2 txdocs 
090 |a S544.3.T4  |b T273 no. L-1405 
100 1 |a Floyd, Richard L.,  |e author.  |0 http://id.loc.gov/authorities/names/n00093081 
245 1 0 |a Employment service :  |b providing a local employment clearinghouse /  |c Richard L. Floyd and Jerrold J. Stern. 
264 1 |a College Station, Texas :  |b Texas Agricultural Extension Service,  |c [1975] 
300 |a 4 unnumbered pages. 
336 |a text  |b txt  |2 rdacontent 
337 |a unmediated  |b n  |2 rdamedia 
338 |a volume  |b nc  |2 rdacarrier 
490 1 |a L / [Texas Agricultural Extension Service] ;  |v 1405 
500 |a "Fact sheet" 
500 |a "2M--12-75" 
500 |a Title from caption. 
500 |a The United States Department of Agriculture cooperating. 
650 0 |a Employment agencies.  |0 http://id.loc.gov/authorities/subjects/sh85042917 
650 0 |a Manpower policy, Rural.  |0 http://id.loc.gov/authorities/subjects/sh85080628 
650 3 |a clearinghouses. 
650 3 |a human resources. 
650 3 |a human resources management. 
710 1 |a United States.  |b Department of Agriculture,  |e issuing body.  |0 http://id.loc.gov/authorities/names/n79008243 
710 2 |a Texas Agricultural Extension Service,  |e issuing body.  |0 http://id.loc.gov/authorities/names/n80010192 
830 0 |a L (Texas Agricultural Extension Service) ;  |v 1405.  |0 http://id.loc.gov/authorities/names/no2017125359 
856 4 1 |z Available online via OAK Trust Repository  |u https://oaktrust.library.tamu.edu/handle/1969.1/166228  |t 0 
994 |a C0  |b TXA 
948 |a cataloged  |b h  |c 2019/2/2  |d o  |e nbehmer  |f 3:01:54 pm 
999 f f |s 9595d6b1-e2f5-38cc-870c-c7772f958d66  |i 80943ce3-da5d-30d1-8b19-4ced48fa327e  |t 0 
952 f f |a Texas A&M University  |b College Station  |c Electronic Resources  |d Available Online  |t 0  |e Z TA245.7 L47 no. L-1405  |g Electronic  |h Superintendent of Documents classification 
998 f f |a Z TA245.7 L47 no. L-1405  |t 0  |l Available Online